Marketing management/ (Record no. 6329)

MARC details
000 -LEADER
fixed length control field 00647nac a22001931u 4500
082 ## - DEWEY DECIMAL CLASSIFICATION NUMBER
Classification number 658.8
Item number BAN
090 ## - LOCALLY ASSIGNED LC-TYPE CALL NUMBER (OCLC); LOCAL CALL NUMBER (OCLC)
-- 6329
-- 6329
100 ## - MAIN ENTRY--PERSONAL NAME
Personal name Bansal S. P.
245 ## - TITLE STATEMENT
Title Marketing management/
Statement of responsibility, etc Bansal S. p.
250 ## - EDITION STATEMENT
Edition statement 5th Rev. ed.
260 ## - PUBLICATION, DISTRIBUTION, ETC. (IMPRINT)
Place of publication, distribution, etc New Delhi:
Name of publisher, distributor, etc Kalayani Pub.,2004
Date of publication, distribution, etc 2004
300 ## - PHYSICAL DESCRIPTION
Extent 568p.:
Other physical details ill.;
Dimensions 23 cm.
500 ## - GENERAL NOTE
General note distributer: Al-Ahram
504 ## - BIBLIOGRAPHY, ETC. NOTE
Bibliography, etc Bibliography: p.565-568
511 ## - PARTICIPANT OR PERFORMER NOTE
Participant or performer note catalogued by; wessam
650 ## - SUBJECT ADDED ENTRY--TOPICAL TERM
Topical term or geographic name as entry element Marketing
General subdivision Management
942 ## - ADDED ENTRY ELEMENTS (KOHA)
Item type Book - Borrowing
Call number prefix 658.5BAN
Holdings
Withdrawn status Item status Damaged status Not for loan Home library Current library Shelving location Date acquired Source of acquisition Total Checkouts Total Renewals Full call number Barcode Date last seen Date last borrowed Koha item type
        Central Library Central Library First floor 21/11/2007 Purchase 3 1 658.5BAN 000007165 15/07/2025 24/11/2015 Book - Borrowing